| 000 | 00551nam a2200193 a 4500 | ||
|---|---|---|---|
| 001 | 000008106 | ||
| 005 | 20200929154433.0 | ||
| 008 | 870722s1981 sp 001 0 spa | ||
| 020 | _a8432035947 | ||
| 040 |
_aDO-SdBNP _bspa _cBNPHU |
||
| 100 | 1 |
_aIzquierdo, Antonio. _922013 |
|
| 245 | 1 | 0 |
_aYo, testigo de cargo / _cAntonio Izquierdo. |
| 250 | _a7a ed. | ||
| 260 |
_aBarcelona : _bPlaneta, _c1981. |
||
| 300 |
_a185 p. ; _c20 cm. |
||
| 490 | 1 |
_aDocumento _vno. 54 |
|
| 500 | _aIncluye índice. | ||
| 651 | 4 |
_aEspaña _xPolítica Y Gobierno _y1975- _922014 |
|
| 999 |
_c7883 _d7883 |
||